Lille Scorers in Ligue 1 2019-20 - Statistics

General Stats
  • This quiz has been taken 73 times
  • The average score is 7 of 11
Answer Stats
Player Goals % Correct
Jonathan Bamba 1
92%
José Fonte 1
92%
Jonathan Ikone 3
90%
Victor Osimhen 13
89%
Benjamin André 2
76%
Loïc Rémy 7
65%
Renato Sanches 3
62%
Yusuf Yazıcı 1
57%
Luiz Araújo 2
52%
Adama Soumaoro 1
29%
Gabriel Dos Santos 1
5%
No matching quizzes found
Score Distribution
Percent of People with Each Score
Percentile by Number Answered
Your Score History
You have not taken this quiz